zpět

Detail výsledku týmu

MaxWilliam, Znojmo

Datum a čas kvízu

22.5 Celkem bodů Celkový počet nahraných bodů na tomto kvízu bez doplňovacích otázek.
5. Pořadí na kvízu Konečné umístění týmu na tomto kvízu.

Zaznamenané odpovědi

# Otázka Odpověď Body Výsledky
1. V pondělí jsme si připomněli D... Jan Cina 1
2. Rádio svobodná Evropa/Rádio Sv... v Maďarsku 0
3. Jak se jmenuje nový film Dana... Neporazitelní 1
4. Relativně málo známý Portrét E... Gustav Klimt 0
5. Na fotbalové mistrovství světa... Curaçao 1
6. Za půl bodu uveďte název ameri... Bratrstvo neohrožených/Band of Brothers; Richard „Dick“ Winters 0
7. Seřaďte následující vojenské h... 1C 2A 3B 4D 0
8. Po půl bodu uveďte jméno inter... Karel Kryl; Píseň neznámého vojína 0.5
9. Jednotka českých a slovenských... o Francii 0
10. Ve kterém satirickém románu vy... Hlava XXII (Catch-22) 0